[Event "World Chess Olympiad 2018"]
[Site "Batumi"]
[Date "2018.10.04"]
[Round "10"]
[Board "4"]
[WhiteFideId "7400713"]
[White "Smith Shreyas"]
[BlackFideId "6900089"]
[Black "Jose Queralto Daniel"]
[Result "1-0"]
[LiveChessVersion "1.4.8"]
[BlackElo "2096"]
[WhiteElo "2193"]

1. e4 {[%clk 1:30:57]} e5 {[%clk 1:30:56]} 2. Nf3 {[%clk 1:31:21]} Nf6
{[%clk 1:31:23]} 3. d4 {[%clk 1:31:45]} Nxe4 {[%clk 1:31:47]} 4. Bd3
{[%clk 1:32:08]} Nc6 {[%clk 1:32:08]} 5. Bxe4 {[%clk 1:31:47]} d5
{[%clk 1:32:33]} 6. Bg5 {[%clk 1:32:11]} Qd7 {[%clk 1:32:59]} 7. Bd3
{[%clk 1:32:19]} h6 {[%clk 1:33:18]} 8. Bb5 {[%clk 1:27:36]} hxg5
{[%clk 1:31:44]} 9. Nxe5 {[%clk 1:28:00]} Qd6 {[%clk 1:27:36]} 10. Qe2
{[%clk 1:28:05]} Be7 {[%clk 1:23:07]} 11. Nc3 {[%clk 1:21:10]} O-O
{[%clk 1:23:07]} 12. O-O-O {[%clk 1:21:29]} Bf6 {[%clk 1:17:26]} 13. Rhe1
{[%clk 1:14:32]} a6 {[%clk 0:57:36]} 14. Bd3 {[%clk 0:46:33]} g6 {[%clk 0:56:13]}
15. Qf3 {[%clk 0:32:05]} Nb4 {[%clk 0:48:34]} 16. Bf1 {[%clk 0:29:04]} Bf5
{[%clk 0:43:56]} 17. g4 {[%clk 0:27:01]} Bxc2 {[%clk 0:37:46]} 18. Rd2
{[%clk 0:27:24]} c5 {[%clk 0:20:55]} 19. dxc5 {[%clk 0:16:45]} Qe6
{[%clk 0:21:00]} 20. Qg3 {[%clk 0:13:12]} Be4 {[%clk 0:15:56]} 21. Nc4
{[%clk 0:02:36]} Bxc3 {[%clk 0:01:22]} 22. bxc3 {[%clk 0:03:04]} Qf6
{[%clk 0:01:47]} 23. Qe5 {[%clk 0:02:21]} Qxe5 {[%clk 0:01:22]} 24. Nxe5
{[%clk 0:02:27]} Nc6 {[%clk 0:00:53]} 25. Nd7 {[%clk 0:01:25]} Rfd8
{[%clk 0:01:18]} 26. Nb6 {[%clk 0:01:30]} Rab8 {[%clk 0:01:27]} 27. c4
{[%clk 0:01:57]} Bf3 {[%clk 0:00:34]} 28. cxd5 {[%clk 0:02:17]} Nb4
{[%clk 0:00:41]} 29. Bc4 {[%clk 0:02:38]} Re8 {[%clk 0:00:34]} 30. Rxe8+
{[%clk 0:02:39]} Rxe8 {[%clk 0:01:02]} 31. a3 {[%clk 0:03:01]} Nxd5
{[%clk 0:01:12]} 32. Bxd5 {[%clk 0:02:44]} Bxg4 {[%clk 0:01:20]} 33. Bxb7
{[%clk 0:03:03]} Re1+ {[%clk 0:01:31]} 34. Kc2 {[%clk 0:02:50]} 1-0

[Event "World Chess Olympiad 2018"]
[Site "Batumi"]
[Date "2018.10.04"]
[Round "10"]
[Board "1"]
[WhiteFideId "9400346"]
[White "Al Qudaimi Basheer"]
[BlackFideId "8500037"]
[Black "Kigigha Bomo"]
[Result "1-0"]
[LiveChessVersion "1.4.8"]
[BlackElo "2300"]
[WhiteElo "2419"]

1. e4 {[%clk 1:30:10]} c5 {[%clk 1:30:47]} 2. Nf3 {[%clk 1:29:43]} Nc6
{[%clk 1:31:06]} 3. d4 {[%clk 1:29:29]} cxd4 {[%clk 1:31:34]} 4. Nxd4
{[%clk 1:29:33]} Qb6 {[%clk 1:32:02]} 5. Nb3 {[%clk 1:29:02]} Nf6
{[%clk 1:32:30]} 6. Nc3 {[%clk 1:28:21]} e6 {[%clk 1:32:58]} 7. Be3
{[%clk 1:23:04]} Qc7 {[%clk 1:33:27]} 8. a3 {[%clk 1:21:35]} a6 {[%clk 1:33:55]}
9. f4 {[%clk 1:21:23]} d6 {[%clk 1:34:24]} 10. a4 {[%clk 1:20:37]} b6
{[%clk 1:32:16]} 11. Be2 {[%clk 1:16:16]} Be7 {[%clk 1:32:37]} 12. O-O
{[%clk 1:16:39]} Bb7 {[%clk 1:32:47]} 13. Bf3 {[%clk 1:16:49]} O-O
{[%clk 1:33:07]} 14. Qe2 {[%clk 1:14:45]} Nb4 {[%clk 1:32:41]} 15. a5
{[%clk 1:09:17]} b5 {[%clk 1:32:52]} 16. Bb6 {[%clk 1:08:57]} Qc8
{[%clk 1:33:07]} 17. Kh1 {[%clk 1:05:42]} Nd7 {[%clk 1:31:42]} 18. Bg1
{[%clk 1:05:07]} Qc4 {[%clk 1:26:44]} 19. Qd2 {[%clk 0:57:26]} Rac8
{[%clk 1:26:02]} 20. Nd4 {[%clk 0:50:18]} d5 {[%clk 1:15:40]} 21. e5
{[%clk 0:44:29]} Qc7 {[%clk 1:15:49]} 22. Nce2 {[%clk 0:43:35]} Nc6
{[%clk 1:12:34]} 23. Nxc6 {[%clk 0:42:16]} Qxc6 {[%clk 1:12:57]} 24. Nd4
{[%clk 0:42:44]} Qc7 {[%clk 1:13:06]} 25. Qe1 {[%clk 0:37:44]} Nc5
{[%clk 1:13:00]} 26. f5 {[%clk 0:36:22]} Ne4 {[%clk 0:52:57]} 27. Bxe4
{[%clk 0:33:51]} dxe4 {[%clk 0:53:26]} 28. Qg3 {[%clk 0:28:47]} exf5
{[%clk 0:36:34]} 29. Nxf5 {[%clk 0:27:40]} g6 {[%clk 0:37:02]} 30. Rad1
{[%clk 0:22:21]} Bc5 {[%clk 0:27:30]} 31. Bxc5 {[%clk 0:18:02]} Qxc5
{[%clk 0:27:59]} 32. Qg5 {[%clk 0:16:31]} f6 {[%clk 0:18:58]} 33. exf6
{[%clk 0:16:31]} Kh8 {[%clk 0:19:07]} 34. Qh6 {[%clk 0:13:48]} Rf7
{[%clk 0:09:59]} 35. Ne7 {[%clk 0:13:26]} Re8 {[%clk 0:09:18]} 36. Nxg6+
{[%clk 0:12:03]} Kg8 {[%clk 0:09:47]} 37. Ne7+ {[%clk 0:12:17]} Kh8
{[%clk 0:10:04]} 38. Rd7 {[%clk 0:07:33]} Qc4 {[%clk 0:09:17]} 39. Ng6+
{[%clk 0:07:51]} Kg8 {[%clk 0:09:46]} 40. Qg7+ {[%clk 0:38:11]} 1-0

[Event "World Chess Olympiad 2018"]
[Site "Batumi"]
[Date "2018.10.04"]
[Round "10"]
[Board "2"]
[WhiteFideId "8500258"]
[White "Adu Oladapo"]
[BlackFideId "9400249"]
[Black "Al-Zendani Zendan"]
[Result "1-0"]
[LiveChessVersion "1.4.8"]
[BlackElo "2301"]
[WhiteElo "2299"]

1. g3 {[%clk 1:30:36]} c5 {[%clk 1:30:25]} 2. Bg2 {[%clk 1:30:55]} Nc6
{[%clk 1:29:55]} 3. Nf3 {[%clk 1:31:13]} g6 {[%clk 1:29:08]} 4. O-O
{[%clk 1:31:33]} Bg7 {[%clk 1:29:25]} 5. e4 {[%clk 1:31:49]} d6 {[%clk 1:28:29]}
6. d3 {[%clk 1:29:33]} Nf6 {[%clk 1:19:58]} 7. Re1 {[%clk 1:29:24]} O-O
{[%clk 1:20:16]} 8. c3 {[%clk 1:29:39]} e5 {[%clk 1:20:03]} 9. a3
{[%clk 1:29:22]} h6 {[%clk 1:09:05]} 10. b4 {[%clk 1:26:24]} a6 {[%clk 1:05:07]}
11. Bb2 {[%clk 1:25:04]} b5 {[%clk 0:57:36]} 12. Nbd2 {[%clk 1:03:39]} a5
{[%clk 0:45:09]} 13. bxc5 {[%clk 1:02:31]} dxc5 {[%clk 0:45:26]} 14. a4
{[%clk 1:02:40]} b4 {[%clk 0:25:20]} 15. Nc4 {[%clk 1:01:10]} Nd7
{[%clk 0:23:32]} 16. Bh3 {[%clk 0:59:33]} Nb6 {[%clk 0:20:01]} 17. Nxb6
{[%clk 0:50:20]} Qxb6 {[%clk 0:19:26]} 18. Bxc8 {[%clk 0:50:17]} Raxc8
{[%clk 0:19:18]} 19. Nd2 {[%clk 0:50:38]} Rcd8 {[%clk 0:17:56]} 20. Nc4
{[%clk 0:50:47]} Qa6 {[%clk 0:17:33]} 21. Qe2 {[%clk 0:50:23]} Rd7
{[%clk 0:16:12]} 22. Qe3 {[%clk 0:44:36]} bxc3 {[%clk 0:05:19]} 23. Bxc3
{[%clk 0:44:25]} Nd4 {[%clk 0:04:20]} 24. Ra2 {[%clk 0:43:56]} Rb8
{[%clk 0:03:22]} 25. Nxa5 {[%clk 0:39:04]} Qe6 {[%clk 0:03:21]} 26. Nc4
{[%clk 0:30:27]} Rb3 {[%clk 0:03:40]} 27. Rc1 {[%clk 0:30:26]} h5
{[%clk 0:03:31]} 28. a5 {[%clk 0:12:31]} Kh7 {[%clk 0:03:36]} 29. Bd2
{[%clk 0:12:46]} h4 {[%clk 0:02:46]} 30. Kh1 {[%clk 0:11:47]} h3 {[%clk 0:00:43]}
31. Raa1 {[%clk 0:09:11]} Nb5 {[%clk 0:00:52]} 32. Qe2 {[%clk 0:08:08]} Rbxd3
{[%clk 0:01:09]} 33. a6 {[%clk 0:07:58]} Rb3 {[%clk 0:00:50]} 34. Be3
{[%clk 0:07:58]} f5 {[%clk 0:01:03]} 35. Na5 {[%clk 0:07:05]} Rb4
{[%clk 0:01:10]} 36. Bxc5 {[%clk 0:07:25]} Rxe4 {[%clk 0:00:57]} 37. Qf1
{[%clk 0:05:41]} Qxa6 {[%clk 0:00:57]} 38. Qxh3+ {[%clk 0:05:41]} Kg8
{[%clk 0:01:16]} 39. Kg1 {[%clk 0:05:20]} Qe6 {[%clk 0:01:24]} 40. Be3
{[%clk 0:35:01]} Nd4 {[%clk 0:31:15]} 41. Rc8+ {[%clk 0:34:50]} Kf7
{[%clk 0:28:26]} 42. Qh7 {[%clk 0:35:03]} f4 {[%clk 0:24:44]} 43. Bxd4
{[%clk 0:33:43]} exd4 {[%clk 0:22:53]} 44. Qg8+ {[%clk 0:32:51]} Kf6
{[%clk 0:14:38]} 45. Rc6 {[%clk 0:33:07]} Rd6 {[%clk 0:14:42]} 46. Qxe6+
{[%clk 0:28:49]} Rexe6 {[%clk 0:13:17]} 47. Rxd6 {[%clk 0:28:50]} Rxd6
{[%clk 0:13:44]} 48. Nc4 {[%clk 0:28:47]} Rc6 {[%clk 0:13:24]} 49. Nd2
{[%clk 0:29:14]} Rc2 {[%clk 0:13:04]} 50. Nf3 {[%clk 0:28:55]} fxg3
{[%clk 0:13:09]} 51. hxg3 {[%clk 0:29:22]} Kf5 {[%clk 0:04:15]} 52. Ra7
{[%clk 0:28:33]} Bf6 {[%clk 0:04:16]} 53. Kg2 {[%clk 0:28:24]} g5
{[%clk 0:04:08]} 54. Ra5+ {[%clk 0:26:02]} Kg6 {[%clk 0:01:31]} 55. Rd5
{[%clk 0:26:16]} Rc4 {[%clk 0:01:28]} 56. Nd2 {[%clk 0:24:15]} Ra4
{[%clk 0:01:45]} 57. Ne4 {[%clk 0:24:24]} Be7 {[%clk 0:01:32]} 58. Kf3
{[%clk 0:24:27]} Rb4 {[%clk 0:01:01]} 59. Kg4 {[%clk 0:24:20]} Ra4
{[%clk 0:00:38]} 60. Nxg5 {[%clk 0:24:31]} d3+ {[%clk 0:00:39]} 61. f4
{[%clk 0:24:48]} Bxg5 {[%clk 0:00:44]} 62. Rxg5+ {[%clk 0:25:11]} Kf6
{[%clk 0:01:04]} 63. Rd5 {[%clk 0:25:35]} Ra3 {[%clk 0:01:23]} 64. Kh4
{[%clk 0:23:42]} Ke6 {[%clk 0:01:40]} 65. Rd4 {[%clk 0:24:09]} Kf6
{[%clk 0:00:53]} 66. g4 {[%clk 0:24:25]} Ke6 {[%clk 0:00:43]} 67. Kg5
{[%clk 0:24:44]} Rb3 {[%clk 0:00:46]} 68. Kg6 {[%clk 0:25:00]} Ra3
{[%clk 0:00:48]} 69. g5 {[%clk 0:25:17]} Rb3 {[%clk 0:00:57]} 70. f5+
{[%clk 0:24:51]} Ke5 {[%clk 0:01:07]} 71. Rd8 {[%clk 0:25:20]} Kf4
{[%clk 0:00:46]} 72. f6 {[%clk 0:25:35]} Rb5 {[%clk 0:00:36]} 73. Rd4+
{[%clk 0:22:11]} Ke3 {[%clk 0:01:00]} 74. Rxd3+ {[%clk 0:22:37]} Kxd3
{[%clk 0:01:23]} 75. f7 {[%clk 0:23:06]} Rb8 {[%clk 0:01:04]} 76. Kh7
{[%clk 0:23:07]} Ke4 {[%clk 0:00:35]} 77. g6 {[%clk 0:23:35]} Rf8
{[%clk 0:00:38]} 78. Kg7 {[%clk 0:23:49]} Rb8 {[%clk 0:00:50]} 79. Kf6
{[%clk 0:24:18]} Rb6+ {[%clk 0:00:33]} 80. Kg7 {[%clk 0:23:36]} Rb7
{[%clk 0:00:31]} 81. Kg8 {[%clk 0:23:54]} Kf5 {[%clk 0:00:37]} 82. g7
{[%clk 0:24:06]} Kg6 {[%clk 0:00:40]} 83. f8=Q {[%clk 0:24:15]} 1-0

[Event "World Chess Olympiad 2018"]
[Site "Batumi"]
[Date "2018.10.04"]
[Round "10"]
[Board "3"]
[WhiteFideId "9400176"]
[White "Al Badani Abdu"]
[BlackFideId "8501246"]
[Black "Balogun Oluwafemi"]
[Result "1/2-1/2"]
[LiveChessVersion "1.4.8"]
[BlackElo "2275"]
[WhiteElo "2195"]

1. e4 {[%clk 1:30:58]} g6 {[%clk 1:30:19]} 2. Nf3 {[%clk 1:31:19]} d6
{[%clk 1:30:31]} 3. Bc4 {[%clk 1:31:43]} Nf6 {[%clk 1:30:19]} 4. Nc3
{[%clk 1:30:55]} Bg7 {[%clk 1:29:53]} 5. O-O {[%clk 1:30:41]} c6 {[%clk 1:26:49]}
6. a4 {[%clk 1:26:52]} O-O {[%clk 1:24:12]} 7. Bb3 {[%clk 1:21:08]} c5
{[%clk 1:19:08]} 8. d4 {[%clk 1:16:35]} cxd4 {[%clk 1:18:22]} 9. Nxd4
{[%clk 1:17:00]} Nbd7 {[%clk 1:18:41]} 10. f3 {[%clk 1:15:05]} Nc5
{[%clk 1:17:37]} 11. Ba2 {[%clk 1:15:24]} Bd7 {[%clk 1:17:23]} 12. Be3
{[%clk 1:15:22]} Rc8 {[%clk 1:17:34]} 13. Qd2 {[%clk 1:11:41]} b6
{[%clk 0:55:52]} 14. b4 {[%clk 0:53:11]} Nb7 {[%clk 0:47:40]} 15. Ncb5
{[%clk 0:36:00]} Ra8 {[%clk 0:32:52]} 16. Bb3 {[%clk 0:22:45]} a6
{[%clk 0:27:17]} 17. Nc3 {[%clk 0:22:21]} e6 {[%clk 0:23:35]} 18. Rad1
{[%clk 0:18:22]} Qc7 {[%clk 0:23:19]} 19. Nde2 {[%clk 0:15:06]} Rfc8
{[%clk 0:19:10]} 20. Bd4 {[%clk 0:09:39]} a5 {[%clk 0:12:40]} 21. b5
{[%clk 0:08:22]} Ne8 {[%clk 0:09:52]} 22. Bxg7 {[%clk 0:08:07]} Kxg7
{[%clk 0:10:19]} 23. Kh1 {[%clk 0:08:18]} Qc5 {[%clk 0:09:29]} 24. f4
{[%clk 0:08:08]} Rab8 {[%clk 0:03:13]} 25. f5 {[%clk 0:03:36]} Nf6
{[%clk 0:02:21]} 26. Qg5 {[%clk 0:01:47]} Qe5 {[%clk 0:01:43]} 27. Rd3
{[%clk 0:01:15]} h6 {[%clk 0:01:33]} 28. Qd2 {[%clk 0:01:20]} Nc5
{[%clk 0:01:02]} 29. Rxd6 {[%clk 0:01:02]} Ncxe4 {[%clk 0:01:26]} 30. Nxe4
{[%clk 0:01:22]} Nxe4 {[%clk 0:01:40]} 31. Qd4 {[%clk 0:00:38]} Qxd4
{[%clk 0:01:12]} 32. Rxd4 {[%clk 0:01:06]} Nc5 {[%clk 0:01:18]} 33. fxg6
{[%clk 0:01:05]} fxg6 {[%clk 0:01:06]} 34. Rd6 {[%clk 0:01:20]} Rf8
{[%clk 0:01:03]} 35. Rfd1 {[%clk 0:01:41]} Rb7 {[%clk 0:00:53]} 36. Kg1
{[%clk 0:00:52]} Rf6 {[%clk 0:00:43]} 37. Nc3 {[%clk 0:00:52]} Rf4
{[%clk 0:00:44]} 38. Ne2 {[%clk 0:00:46]} Rf6 {[%clk 0:00:58]} 39. Nc3
{[%clk 0:00:46]} Rf4 {[%clk 0:01:02]} 40. Ne2 {[%clk 0:30:58]} Rf6
{[%clk 0:31:14]} 41. Nd4 e5 {[%clk 0:30:10]} 42. Nf3 {[%clk 0:15:44]} e4
{[%clk 0:22:35]} 43. Ne5 {[%clk 0:15:52]} Be8 {[%clk 0:22:05]} 44. Nc4
{[%clk 0:15:03]} Rd7 {[%clk 0:16:45]} 45. Rxd7+ {[%clk 0:14:07]} Bxd7
{[%clk 0:17:03]} 46. Rf1 {[%clk 0:11:54]} Bf5 {[%clk 0:11:19]} 47. h3
{[%clk 0:10:09]} h5 {[%clk 0:11:37]} 48. Rf4 {[%clk 0:05:32]} Ne6
{[%clk 0:08:46]} 49. Rf2 {[%clk 0:05:47]} Nc5 {[%clk 0:09:00]} 50. g4
{[%clk 0:04:34]} hxg4 {[%clk 0:09:26]} 51. hxg4 {[%clk 0:05:01]} Be6
{[%clk 0:08:04]} 52. Nxb6 {[%clk 0:05:03]} Bxb3 {[%clk 0:08:16]} 53. Rxf6
{[%clk 0:05:22]} Kxf6 {[%clk 0:08:39]} 54. cxb3 {[%clk 0:05:38]} Nxb3
{[%clk 0:08:34]} 55. Nc4 {[%clk 0:02:07]} Nc5 {[%clk 0:08:24]} 56. Kf2
{[%clk 0:01:24]} Nxa4 {[%clk 0:08:11]} 57. Nxa5 {[%clk 0:01:47]} Ke6
{[%clk 0:05:56]} 58. Ke3 {[%clk 0:02:00]} Kd5 {[%clk 0:06:12]} 59. Nc6
{[%clk 0:02:17]} g5 {[%clk 0:05:19]} 60. Ne7+ {[%clk 0:01:36]} Ke5
{[%clk 0:05:24]} 61. Nc6+ {[%clk 0:00:51]} Kd5 {[%clk 0:05:51]} 62. Ne7+
{[%clk 0:00:50]} Ke5 {[%clk 0:06:09]} 63. Ng6+ {[%clk 0:00:49]} Kf6
{[%clk 0:05:43]} 64. Nf8 {[%clk 0:01:09]} Nc3 {[%clk 0:04:50]} 65. Nd7+
{[%clk 0:00:49]} Ke6 {[%clk 0:04:41]} 66. Nf8+ {[%clk 0:00:39]} Ke5
{[%clk 0:04:39]} 67. Nd7+ {[%clk 0:01:01]} Ke6 {[%clk 0:03:36]} 68. Nf8+
{[%clk 0:01:14]} Ke5 {[%clk 0:03:11]} 69. Nd7+ {[%clk 0:01:34]} Ke6
{[%clk 0:03:27]} 70. Nf8+ {[%clk 0:01:41]} Ke5 {[%clk 0:03:51]} 71. Nd7+
{[%clk 0:01:18]} Ke6 {[%clk 0:04:13]} 72. Nf8+ {[%clk 0:01:43]} 1/2-1/2

[Event "World Chess Olympiad 2018"]
[Site "Batumi"]
[Date "2018.10.04"]
[Round "10"]
[Board "4"]
[WhiteFideId "8500290"]
[White "Olape Bunmi"]
[BlackFideId "9400133"]
[Black "Al-Subaihi Khalil"]
[Result "1/2-1/2"]
[LiveChessVersion "1.4.8"]
[BlackElo "2106"]
[WhiteElo "2252"]

1. e4 {[%clk 1:30:55]} d5 {[%clk 1:30:54]} 2. exd5 {[%clk 1:31:10]} c6
{[%clk 1:31:10]} 3. dxc6 {[%clk 1:31:29]} Nxc6 {[%clk 1:31:33]} 4. Nf3
{[%clk 1:31:45]} e5 {[%clk 1:29:54]} 5. d3 {[%clk 1:32:00]} Bc5 {[%clk 1:30:09]}
6. Be2 {[%clk 1:32:22]} f5 {[%clk 1:30:25]} 7. Nc3 {[%clk 1:31:54]} Nf6
{[%clk 1:30:46]} 8. O-O {[%clk 1:32:03]} O-O {[%clk 1:31:12]} 9. Bg5
{[%clk 1:30:11]} h6 {[%clk 1:31:13]} 10. Bxf6 {[%clk 1:30:15]} Qxf6
{[%clk 1:31:36]} 11. Nd2 {[%clk 1:29:34]} Be6 {[%clk 1:31:24]} 12. Nb3
{[%clk 1:27:34]} Bxb3 {[%clk 1:21:48]} 13. axb3 {[%clk 1:27:52]} Rad8
{[%clk 1:22:09]} 14. Qe1 {[%clk 1:25:20]} Nd4 {[%clk 1:20:28]} 15. Bd1
{[%clk 1:25:29]} Rfe8 {[%clk 1:16:03]} 16. Kh1 {[%clk 1:25:37]} g5
{[%clk 1:16:17]} 17. f3 {[%clk 1:25:31]} a6 {[%clk 0:52:39]} 18. g4
{[%clk 1:20:58]} Ba7 {[%clk 0:36:28]} 19. gxf5 {[%clk 1:10:08]} Qxf5
{[%clk 0:34:10]} 20. Qe4 {[%clk 1:07:29]} Qh3 {[%clk 0:30:39]} 21. Re1
{[%clk 1:03:28]} Nf5 {[%clk 0:21:33]} 22. Qg4 {[%clk 1:02:45]} Qxg4
{[%clk 0:21:08]} 23. fxg4 {[%clk 1:03:07]} Ne3 {[%clk 0:21:30]} 24. Ne4
{[%clk 1:02:05]} Rf8 {[%clk 0:21:19]} 25. Ra5 {[%clk 0:59:44]} Bd4
{[%clk 0:15:17]} 26. c3 {[%clk 0:58:50]} Ba7 {[%clk 0:08:22]} 27. Rxe5
{[%clk 0:57:57]} Rxd3 {[%clk 0:08:42]} 28. Be2 {[%clk 0:58:15]} Rd7
{[%clk 0:07:50]} 29. Re6 {[%clk 0:57:53]} Kg7 {[%clk 0:07:52]} 30. b4
{[%clk 0:55:11]} Nd5 {[%clk 0:03:54]} 31. Rd1 {[%clk 0:55:20]} Rfd8
{[%clk 0:04:09]} 32. Bf3 {[%clk 0:30:18]} Ne3 {[%clk 0:00:43]} 33. Rdd6
{[%clk 0:28:32]} Rxd6 {[%clk 0:00:38]} 34. Nxd6 {[%clk 0:28:49]} Rf8
{[%clk 0:00:36]} 35. Nf5+ {[%clk 0:28:11]} Nxf5 {[%clk 0:00:59]} 36. gxf5
{[%clk 0:28:26]} Rxf5 {[%clk 0:00:51]} 37. Re7+ {[%clk 0:28:38]} Kf6
{[%clk 0:01:09]} 38. Rxb7 {[%clk 0:28:55]} Be3 {[%clk 0:01:12]} 39. Kg2
{[%clk 0:28:33]} g4 {[%clk 0:00:51]} 40. Bxg4 {[%clk 0:58:55]} Rf2+
{[%clk 0:31:07]} 41. Kg3 {[%clk 0:58:58]} Rxb2 {[%clk 0:31:36]} 42. Rc7
{[%clk 0:58:53]} Bd2 {[%clk 0:27:33]} 43. Rc6+ {[%clk 0:58:54]} Kg7
{[%clk 0:27:59]} 44. Bc8 {[%clk 0:58:29]} Rb3 {[%clk 0:27:44]} 45. Bxa6
{[%clk 0:58:34]} Bxc3 {[%clk 0:28:00]} 46. b5 {[%clk 0:57:00]} Be5+
{[%clk 0:28:14]} 47. Kg4 {[%clk 0:56:19]} Bxh2 {[%clk 0:23:24]} 48. Rc2
{[%clk 0:54:57]} Bg1 {[%clk 0:21:35]} 49. Rg2 {[%clk 0:54:52]} Rb1
{[%clk 0:19:11]} 1/2-1/2

[Event "World Chess Olympiad 2018"]
[Site "Batumi"]
[Date "2018.10.04"]
[Round "10"]
[Board "1"]
[WhiteFideId "11300507"]
[White "Oatlhotse Providence"]
[BlackFideId "6702309"]
[Black "Giron Jorge Ernesto"]
[Result "1/2-1/2"]
[LiveChessVersion "1.4.8"]
[BlackElo "2303"]
[WhiteElo "2206"]

1. c4 {[%clk 1:30:53]} e5 {[%clk 1:30:47]} 2. g3 {[%clk 1:31:19]} Nc6
{[%clk 1:31:09]} 3. Bg2 {[%clk 1:31:44]} Bc5 {[%clk 1:31:34]} 4. a3
{[%clk 1:30:02]} a6 {[%clk 1:30:03]} 5. e3 {[%clk 1:28:34]} d6 {[%clk 1:30:07]}
6. Ne2 {[%clk 1:28:23]} Ba7 {[%clk 1:30:35]} 7. Nbc3 {[%clk 1:25:22]} Nf6
{[%clk 1:28:53]} 8. d4 {[%clk 1:22:36]} O-O {[%clk 1:28:50]} 9. h3
{[%clk 1:21:54]} exd4 {[%clk 1:25:54]} 10. exd4 {[%clk 1:21:33]} h6
{[%clk 1:25:16]} 11. O-O {[%clk 1:21:04]} Re8 {[%clk 1:22:02]} 12. Qd3
{[%clk 1:05:14]} Ne7 {[%clk 1:21:40]} 13. f4 {[%clk 1:01:30]} d5 {[%clk 1:21:31]}
14. cxd5 {[%clk 0:56:50]} Nexd5 {[%clk 1:13:33]} 15. Nxd5 {[%clk 0:53:27]} Nxd5
{[%clk 1:13:51]} 16. Kh2 {[%clk 0:51:47]} c6 {[%clk 1:11:44]} 17. f5
{[%clk 0:46:42]} Qf6 {[%clk 1:11:10]} 18. Bd2 {[%clk 0:45:21]} Bd7
{[%clk 1:11:31]} 19. Rad1 {[%clk 0:43:15]} Rad8 {[%clk 1:04:43]} 20. Nc3
{[%clk 0:39:13]} Qxd4 {[%clk 1:05:06]} 21. Qxd4 {[%clk 0:39:10]} Bxd4
{[%clk 1:05:33]} 22. Nxd5 {[%clk 0:39:20]} cxd5 {[%clk 1:05:54]} 23. Ba5
{[%clk 0:39:25]} b6 {[%clk 1:03:45]} 24. Rxd4 {[%clk 0:36:23]} bxa5
{[%clk 1:04:14]} 25. Rxd5 {[%clk 0:36:17]} Bb5 {[%clk 1:04:37]} 26. Re1
{[%clk 0:27:48]} Kf8 {[%clk 1:03:55]} 27. Rxe8+ {[%clk 0:26:56]} Rxe8
{[%clk 1:04:21]} 28. Rd2 {[%clk 0:27:12]} a4 {[%clk 1:04:01]} 29. g4
{[%clk 0:26:46]} Re3 {[%clk 0:57:31]} 30. Kg1 {[%clk 0:22:48]} g6
{[%clk 0:54:15]} 31. Kf2 {[%clk 0:22:41]} Rb3 {[%clk 0:54:30]} 32. f6
{[%clk 0:19:57]} Ke8 {[%clk 0:54:27]} 33. h4 {[%clk 0:18:48]} g5 {[%clk 0:53:56]}
34. hxg5 {[%clk 0:16:59]} hxg5 {[%clk 0:54:23]} 35. Bf3 {[%clk 0:16:27]} Bd7
{[%clk 0:53:11]} 36. Bd5 {[%clk 0:01:25]} Rb6 {[%clk 0:53:34]} 37. Bxf7+
{[%clk 0:01:19]} Kxf7 {[%clk 0:52:10]} 38. Rxd7+ {[%clk 0:01:48]} Kxf6
{[%clk 0:52:34]} 39. Rd4 {[%clk 0:00:39]} Rxb2+ {[%clk 0:52:43]} 40. Kf3
{[%clk 0:30:36]} Rb3+ {[%clk 1:22:26]} 41. Ke4 {[%clk 0:30:26]} Rg3
{[%clk 1:16:41]} 42. Rd6+ {[%clk 0:25:56]} Ke7 {[%clk 1:17:07]} 43. Rxa6
{[%clk 0:26:20]} Rxg4+ {[%clk 1:17:35]} 44. Kf5 {[%clk 0:26:48]} Rc4
{[%clk 1:17:59]} 45. Kxg5 {[%clk 0:27:14]} Kd7 {[%clk 1:18:26]} 46. Kf5
{[%clk 0:21:57]} Kc7 {[%clk 1:18:39]} 47. Ke5 {[%clk 0:21:55]} Kb7
{[%clk 1:19:05]} 48. Kd5 {[%clk 0:21:07]} Rh4 {[%clk 1:19:31]} 49. Rg6
{[%clk 0:19:03]} Rh3 {[%clk 1:19:58]} 50. Kc5 {[%clk 0:19:17]} Rxa3
{[%clk 1:20:26]} 51. Rg7+ {[%clk 0:16:59]} Ka6 {[%clk 1:20:47]} 52. Kb4
{[%clk 0:16:54]} Ra1 {[%clk 1:21:12]} 53. Rg6+ {[%clk 0:17:19]} Kb7
{[%clk 1:21:38]} 54. Rg7+ {[%clk 0:17:44]} Kc6 {[%clk 1:22:05]} 55. Rg6+
{[%clk 0:17:47]} Kd5 {[%clk 1:22:31]} 56. Rg5+ {[%clk 0:18:10]} Ke4
{[%clk 1:22:35]} 57. Ra5 {[%clk 0:16:47]} Kd4 {[%clk 1:23:02]} 58. Ra8
{[%clk 0:12:18]} Kd3 {[%clk 1:23:06]} 59. Rd8+ {[%clk 0:08:04]} Kc2
{[%clk 1:23:25]} 60. Rc8+ {[%clk 0:08:32]} Kb2 {[%clk 1:23:39]} 61. Rg8
{[%clk 0:08:11]} Rc1 {[%clk 1:23:32]} 62. Rg2+ {[%clk 0:07:36]} Rc2
{[%clk 1:23:57]} 63. Rxc2+ {[%clk 0:07:44]} Kxc2 {[%clk 1:24:24]} 64. Ka3
{[%clk 0:07:48]} Kc3 {[%clk 1:24:35]} 65. Kxa4 1/2-1/2